Loading...
Ashante shilpashala /
| Main Author: | |
|---|---|
| Format: | Printed Book |
| Language: | Malayalam |
| Published: |
National Book Stall ,
1977.
|
| Subjects: |
| LEADER | 00512nam a2200157Ia 4500 | ||
|---|---|---|---|
| 008 | 150624b xxu||||| |||| 00| p mal d | ||
| 082 | |a 851.82109 | ||
| 100 | |a Sathyaprakasham M. | ||
| 245 | |c Sathyaprakasham M. |a Ashante shilpashala / | ||
| 260 | |b National Book Stall , |c 1977. | ||
| 300 | |a 129 p. | ||
| 546 | |a In Malayalam. | ||
| 650 | |v Poetry | ||
| 942 | |c BK | ||
| 999 | |c 76222 |d 76222 | ||
| 952 | |0 0 |1 0 |4 0 |6 851_821090000000000_SAT_A_M |7 0 |9 76166 |a UL |b UL |c ST2 |d 1998-08-28 |l 0 |o 851.82109 SAT/A M |p 31714 |r 2012-10-27 |w 2012-10-27 |y BK | ||